000
00208 a2200097 4500
001
24503
100
_a
Frier, W T
245
_a
Elementary Metallurgy
260
_a
_b
McGraw-Hill
_c
1952
090
_c
16556
_d
16556
942
_a
NUST-CAE
_c
M
_c
7287
999
_c
259576
_d
259576